003250000a220010900045001000020000002450032000203000035000527730013000879420008001009520090001089990017001981 aKenyon, John A.10aHow much funding is enough? aNúm 25 (1990), Páginas 4-70 tTogether cANA 001040708HEMaFUSBCbFUSBCd2016-01-26l0o r2016-01-26 00:00:00w2016-01-26yANA c56488d56488